Il Palazzo ducale di Venezia.

Saved in:
Bibliographic Details
Main Author: Zanotto, Francesco, -1863.
Format: Book
Language:Italian
Published: Venezia, A. spese degli editori, 1842-
Subjects:
Tags: Add Tag
No Tags, Be the first to tag this record!
LEADER 00684nam a2200205I 4500
001 005528126-5
005 20020606163548.3
008 890807m18429999it 000 0 ita d
035 0 |a ocm20139210 
040 |a CUS  |c CUS  |d HFL 
100 1 |a Zanotto, Francesco,  |d -1863. 
245 1 3 |a Il Palazzo ducale di Venezia.  |c Illustrato da Francesco Zanotto. 
260 |a Venezia,  |b A. spese degli editori,  |c 1842- 
300 |a v.  |b plates (part fold.)  |c 33 cm. 
500 |a Engraved t.p. of v. 3 dated 1860. 
500 |a Vols. 2-3 have imprint: Venezia, G. Antonelli. 
500 |a Each vol. has also an engraved title-page. 
610 2 0 |a Palazzo ducale (Venice, Italy) 
988 |a 20020608 
906 |0 OCLC